000 00813nam a2200217 i 4500
001 bg
100 1 _aDOLISTOWSKA, Małgorzata
245 1 0 _aZapomniane rotundy :
_bbudynki panoram polskich w XIX wieku /
_cMałgorzata Dolistowska.
260 _aBiałystok :
_bDział Wydawnictw i Poligrafii PB,
_c1997.
300 _a85, [3] s., [31] k. tabl. :
_bfot., 2 pl., rys. ;
_c23 cm.
490 1 _aRozprawy Naukowe / Politechnika Białostocka,
_x0867-096X ;
_vnr 52
504 _aBibliogr. s. 80-82.
650 9 _aPanoramy (arch.)
_xhistoria
_zPolska
_y19 w.
650 9 _aRotundy (arch.)
_xhistoria
_zPolska
_y19 w.
830 0 _aRozprawy Naukowe (Politechnika Białostocka) ;
_vnr 52
040 _cBPK
041 0 _apl
080 _a75.053:725.91](438)"18"
942 _cKS
008 s pl f |000 0 pol
999 _c37858
_d37858
856 _uhttp://koha.tu.koszalin.pl/cgi-bin/koha/opac-detail.pl?biblionumber=37858
_yKatalog online BPK